000 00705nam a22002057a 4500
999 _c157861
_d157861
005 20181006112451.0
010 _aENG-124186
020 _a9789352807222
_c325.00
035 _aEN-107718
037 _bDBAD/PUB
082 0 0 _a338.954
100 _aKashyap, Monika
245 1 0 _a Economic reforms in india since 1991 /
_cby Monika Kashyap [and] Mahendra Babu Kuruva
260 _a New Delhi
_bSAGE Publications,
_c2018
270 _aB1/I-1 Mohan Cooperative Industrial Area, Mathura Road
_b New Delhi
_e110044
300 _axxx,231p.(B-1p, I-1p)
_c24 cm.(pbk)
500 _aIt include bibliography and index
700 _a Kuruva, Mahendra Babu
942 _2ddc
_cEN
_h338.954
_mKAS